000 00340nam a2200145 a 4500
001 4149
005 20140414131932.0
008 090331s19uu xx 00 eng d
020 _a
050 _aREF 031
_bM99 2005
100 _aSnow, Alan
245 _aMy first encyclopedia.
260 _aNew York :
_bGallery,
_c1991.
999 _c112254
_d112254